Najwyższe budynki w Europie - Statystyki

Ogólne statystyki
  • Ten quiz został rozwiązany 76 razy
  • Średni wynik to 3 z 10
Statystyki odpowiedzi
Miejsce Wysokość m Nazwa Miasto Państwo % Poprawnych
6. 310 Varso Tower Warszawa Polska
93%
1. 426,5 Łachta Centr Sankt Petersburg Rosja
47%
7. 309,6 The Shard Londyn Zjednoczone Królestwo
46%
2. 373,7 Wschodnia Wieża Federacji Moskwa Rosja
25%
3. 354,1 OKO: South Tower Moskwa Rosja
21%
5. 338,8 Mercury City Tower Moskwa Rosja
19%
10. 301,6 City of Capitals: Moscow Tower Moskwa Rosja
15%
9. 302 Neva Tower 1 Moskwa Rosja
12%
4. 345 Neva Tower 2 Moskwa Rosja
12%
8. 308,9 Jewrazija Moskwa Rosja
7%
Nie znaleziono quizów pasujących do podanych kryteriów
Rozkład punktacji
Procent ludzi z każdym wynikiem
Percentyl według liczby udzielonych odpowiedzi
Twoja historia wyników
Nie rozwiązałeś tego quizu